Flood Risk Management (Scotland) Act 2009 (Record no. 110246)
[ view plain ]
| 000 -LEADER | |
|---|---|
| fixed length control field | 01179cad a22002415a 4500 |
| 001 - CONTROL NUMBER | |
| control field | E148825 |
| 008 - FIXED-LENGTH DATA ELEMENTS--GENERAL INFORMATION | |
| fixed length control field | 091111s2009 xxk f l s000 0 eng d |
| 035 ## - SYSTEM CONTROL NUMBER | |
| System control number | (Sirsi) u148825 |
| 041 0# - LANGUAGE CODE | |
| Language code of text/sound track or separate title | eng |
| 050 04 - LIBRARY OF CONGRESS CALL NUMBER | |
| Classification number | 627.4 $2 18 |
| 110 2# - MAIN ENTRY--CORPORATE NAME | |
| Corporate name or jurisdiction name as entry element | Scotland |
| Form subheading | Laws, etc |
| 245 00 - TITLE STATEMENT | |
| Title | Flood Risk Management (Scotland) Act 2009 |
| Medium | [electronic resource] |
| 260 ## - PUBLICATION, DISTRIBUTION, ETC. | |
| Place of publication, distribution, etc. | London |
| Name of publisher, distributor, etc. | OPSI |
| Date of publication, distribution, etc. | 2009 |
| 505 2# - FORMATTED CONTENTS NOTE | |
| Formatted contents note | General duty, directions and guidance -- Principal expressions -- Flood risk assessment, maps and plans -- Flood risk management: local authority functions -- SEPA: other flood risk management functions -- Powers of entry and compensation -- Reservoirs -- General -- |
| 520 ## - SUMMARY, ETC. | |
| Summary, etc. | Relates to flood risk assessment and management, and makes provision for or in connection with implementing the EC Floods Directive. |
| 521 ## - TARGET AUDIENCE NOTE | |
| Target audience note | Advanced |
| 590 ## - LOCAL NOTE (RLIN) | |
| Local note | KA |
| 650 24 - SUBJECT ADDED ENTRY--TOPICAL TERM | |
| Topical term or geographic name entry element | FLOOD RISK MANAGEMENT (SCOTLAND) ACT 2009 |
| 651 #4 - SUBJECT ADDED ENTRY--GEOGRAPHIC NAME | |
| Geographic name | Scotland |
| Chronological subdivision | 1999- |
| 690 ## - LOCAL SUBJECT ADDED ENTRY--TOPICAL TERM (OCLC, RLIN) | |
| Topical term or geographic name as entry element | ENVIRONMENTAL AND LAND CONSULTANCY-WATER RESOURCE MANAGEMENT-FLOODING |
| 856 40 - ELECTRONIC LOCATION AND ACCESS | |
| Uniform Resource Identifier | <a href="https://www.opsi.gov.uk/legislation/scotland/acts2009/asp_20090006_en_1">https://www.opsi.gov.uk/legislation/scotland/acts2009/asp_20090006_en_1</a> |
| Public note | View the legislation free of charge at www.opsi.gov.uk... |
| 942 ## - ADDED ENTRY ELEMENTS (KOHA) | |
| Suppress in OPAC | 0 |
| Withdrawn status | Lost status | Source of classification or shelving scheme | Damaged status | Not for loan | Home library | Current library | Shelving location | Date acquired | Total Checkouts | Full call number | Barcode | Date last seen | Copy number | Price effective from | Koha item type |
|---|---|---|---|---|---|---|---|---|---|---|---|---|---|---|---|
| Dewey Decimal Classification | Virtual | Virtual | Online | 11/11/2009 | ONLINE PUBLICATION | 148825-2001 | 06/08/2019 | 1 | 06/08/2019 | Book |